Czy rozpoznasz klub piłkarski po herbie? - Statystyki

Ogólne statystyki
  • Ten quiz został rozwiązany 1 670 razy
  • Średni wynik to 18 z 24
Statystyki odpowiedzi
Obrazkowy Odpowiedź % Poprawnych
Juventus
99%
AC Milan
98%
Napoli
97%
Borussia Dortmund
93%
FC Barcelona
92%
Bayern Monachium
91%
Real Madryt
91%
Inter Mediolan
90%
Legia Warszawa
85%
Cracovia
82%
Lechia Gdańsk
80%
UD Almeria
80%
Feyenoord Rotterdam
73%
VfL Wolfsburg
73%
Celta Vigo
71%
AS Saint-Étienne
67%
ŁKS Łódź
67%
Montpellier HSC
65%
Red Star FC
65%
Eintracht Frankfurt
62%
Galatasaray
62%
Olympique Marsylia
42%
Zenit Petersburg
38%
FK Crvena zvezda
36%
Nie znaleziono quizów pasujących do podanych kryteriów
Rozkład punktacji
Procent ludzi z każdym wynikiem
Percentyl według liczby udzielonych odpowiedzi
Twoja historia wyników
Nie rozwiązałeś tego quizu